Textos fundamentales
-д хадгалсан:
| Байгууллагын зохиогчид: | , |
|---|---|
| Формат: | Ном |
| Хэл сонгох: | испани |
| Хэвлэсэн: |
Roma
FAO
2001
|
| Нөхцлүүд: | |
| Шошгууд: |
Шошго нэмэх
Шошго байхгүй, Энэхүү баримтыг шошголох эхний хүн болох!
|
MARC
| LEADER | 00000nam a2200000 a 4500 | ||
|---|---|---|---|
| 001 | UCN8230 | ||
| 003 | CL-VaPUC | ||
| 008 | 011109e20010000it |||||||||||||||||spa|d | ||
| 082 | 0 | 4 | |a 011.52 |b FAO |2 21 |
| 110 | 2 | |a FAO |e author |9 464504 | |
| 710 | 2 | |a Organización de las Naciones Unidas para la Agricultura y la Alimentación |e author |9 464505 | |
| 245 | 1 | 0 | |a Textos fundamentales |
| 300 | |a 247 p | ||
| 942 | |c BK | ||
| 945 | |d 20011109 00:00:00 |a cmena | ||
| 260 | |a Roma |b FAO |c 2001 | ||
| 500 | |a Incluye volúmenes I y II, edición de 2000 | ||
| 650 | 7 | |a ORGANIZACIONES INTERNACIONALES - BIBLIOGRAFIAS |2 CL-VaPUC |9 464506 | |
| 650 | 0 | |a Tratados internacionales |9 256056 | |
| 650 | 0 | |a Cooperación internacional |9 255447 | |
| 583 | |a last modification |c 20171010 05:11:38 |k Rodrigo Vera | ||
| 999 | |c 298253 |d 298251 | ||